Quizzes
Events
Quiz Creation
Community
Videos
Private Events
Remove Ads
Sign In
Join for FREE
Feedback
Dark Mode
Quiz Categories
Sports
Geography
Music
Movies
Television
Just For Fun
Miscellaneous
History
Literature
Language
Science
Gaming
Entertainment
Religion
Holiday
For Kids
Quiz Lab
Recent
Popular Today
Quiz Kudos Today
Editor Picks
Curator Picks
Quizzes by...
Day
Popularity
Type
Ratings
Length
Year
Community
Subscriptions
Recent Discussions
Orange Saloon
Badges
Playlists
Quests
Create
Leaderboards
Showdown
Live 5
Trivia Bingo
Activity
Puzzle Library
Sporcle Events
Private Events
Virtual Trivia
Globe League
Become a Host
Pub Owners
SporcleCon
Opinionation
Our Games
Videos
Blog
Mobile Apps
Partnerships
Remove Ads and Go Orange
Feedback
History
US Presidents
World Leaders
Politics
Nation
Discovery
War
Decade
Year
Century
Biography
Art
History
US Presidents
World Leaders
Politics
Nation
Discovery
War
Decade
Year
Century
Biography
Art
Random Quiz
Search Sporcle
×
Quiz Lab
Quiz Lab
History
Industrial Revolution
Type in answers that appear in a list
Type in answers that appear in a list
Classic
Best Score? Go Orange.
Industrial Revolution Stats
The Industrial Revolution
By
mrbrozena
10m
20 Questions
27 Plays
27 Plays
27 Plays
Comments
Comments
Give Quiz Kudos
Give Quiz Kudos
-
- Ratings
hide this ad
Replay
Link that replays current quiz
Next Quiz
Link to next quiz in quiz playlist
You Got
0%
They Got
Avg Score
59%
Avg Friend Score
Upgrade to see
Score Distribution
Jump to the score distribution portion of the page
Score
0/20
Timer
10:00
0
Plays Today
Hint
Answer
% Correct
Thomas Newcomen
Steam Engine
88.9%
James Watt
Steam Engine
88.9%
What was the key to the Industrial Revolution?
Steam Engine
88.9%
Proletariats vs. Bourgeoisie is what form of govt?
Communism
85.2%
The key source of power of the Industrial Revolution was?
Coal
77.8%
What was the first industry in England?
Textile
66.7%
Bourgeoisie
Middle Class
63%
Who believed that the government should not interfere in economics?
Adam Smith
63%
Where the Industrial Revolution began?
Great Britain
59.3%
Proletariat
Working Class
55.6%
Hint
Answer
% Correct
People moved from where to where in the Industrial Revolution?
Country to City
55.6%
People who invested in new business
Entrepreneurs
51.9%
When people got kicked off their farm and farms became bigger, what is this movement
Enclosure Movement
51.9%
Adam Smith
Laissez Faire
48.1%
Cottage Industry is also known as the what?
Putting Out System
44.4%
Cottage industry, Laissez Fairre and Mercantilism are all forms of what?
Economic Systems
44.4%
Number of exports outnumbers imports is an example of what?
Mercantilism
44.4%
Slums are a result of what?
Urbanization
40.7%
Thomas Malthus believed what was unavoidable?
Poverty
40.7%
Karl Marx
Scientific Socialism
37%
Quiz Playlist
Details
Report
Send in Message
Add To Playlist
Classic:
Type in answers that appear in a list
Last Updated: Feb 16, 2017
Quiz Scoreboard
CHALLENGE
Sign Up to Join the Scoreboard
Show All
Scores
Hide
Comments
May contain spoilers
Recently Published
9x9 Crossword: Cartoon Network
by jackfrog10
Miscellaneous
3m
College Basketball Coaching Resumes
by pancakes188
Sports
9m
Billboard Blitz: Fleetwood Mac
by CooCooCachoo
Music
15s
More to Explore
Quiz From the Vault
Featured Blog Post
Where Did the Easter Bunny Come From?
hide this ad
You Might Also Like...
Tags
industrial
Industrial Revolution
Revolution
Today's Top Quizzes in History
Browse History
hide this ad
Today's Top Quizzes in Industrial Revolution
Browse Industrial Revolution
Top Contributed Quizzes in History
1
Popular People in 1991
2
Popular People in 1981
3
Popular People in 1951
4
Popular People in 1941
5
Popular People in 1986
6
Popular People in 1976
7
Popular People in 1921
8
5-to-1: 20th Century Images of War
9
I Am Born On March 28th
10
Popular People in 1946
Explore More
Trending Topics
Crossword
Kpop
Anime
Harry Potter
Marvel
NBA
Disney
Pokémon
The Office
Song
NFL
Puzzle
Country
WWE
Soccer
hide this ad
More By:
mrbrozena
Quiz
Plays
Rating
Category
Featured
Created
Industrial Revolution
27
1.00
History
Nov 17, 2014
Go to Creator's Profile
Score Distribution
Quiz Creator Spotlight
mrbrozena
Follow
Send a Message
Quizzes Created
-
Created Quiz Play Count
-
More By This Creator
Popular Quizzes Today
1
Find the US States - No Outlines Minefield
2
Find the Countries of Europe - No Outlines Minefield
3
The Countries of the World
4
Find the US States
5
Risky Map Clicking: Biggest States A-Z
6
US States
7
Popular People in 1961
8
Movies - When Are They Set?
More History Quizzes
One-Term Presidents
Published
Trending Quizzes
Risky Map Clicking: Least Populous States A-Z
1-10 Letter G Words
Risky Map Clicking: Next State Alphabetically
Adjectives in 80s TV Shows
Risky Map Clicking: Biggest States A-Z
Recently Updated
Leaping Animals
pecheneg
Reality TV Shows (A-Z)
bhenderson79
Rickey Henderson's Hall of Fame Teammates
pecheneg
Champions League XIs: Arsenal
pecheneg
Quick Pick: Celebrities in WWE's Hall of Fame
aduchscher
A-Z Keypad Blitz II
pecheneg
Multiple Oscar Actors
pecheneg
Mystery Phrase Blitz: Oscar 'Best Actors'
pecheneg
F. Scott Fitzgerald Novels
LTH
Pick 3 Villains
ddd62291
Trending Topics
Kpop
Crossword
Harry Potter
NBA
Disney
Anime
Marvel
Puzzle
Soccer
NFL
Country
Pokémon
The Office
WWE
Song
Your Account Isn't Verified!
In order to create a playlist on Sporcle, you need to verify the email address you used during registration. Go to your
Sporcle Settings
to finish the process.
Report this User
Report this user for behavior that violates our
Community Guidelines
.
Details:
Send Report
Go to the Sporcle.com Mobile Site →
Comments